|
|
|
|
| LEADER |
00000nam0a2200000 4500 |
| 001 |
339761 |
| 005 |
20231102005156.0 |
| 035 |
|
|
|a (RuTPU)RU\TPU\book\366300
|
| 090 |
|
|
|a 339761
|
| 100 |
|
|
|a 20180125d1963 km y0rusy50 ca
|
| 101 |
0 |
|
|a rus
|
| 102 |
|
|
|a RU
|
| 105 |
|
|
|a a z 000zy
|
| 200 |
1 |
|
|a Камера дожигания сушильных установок на газообразном топливе
|h № 114/Х
|f Центральное бюро технической информации (ЦБТИ)
|
| 210 |
|
|
|a Москва
|c Типография ЦБТИ Мосгорсовнархоза
|d 1963
|
| 215 |
|
|
|a 9 с.
|c ил.
|
| 225 |
1 |
|
|a Опыт изобретателей, рационализаторов и новаторов производства
|v № 114/Х
|
| 606 |
1 |
|
|a Сушильные установки
|x Конструкция и расчет
|2 stltpush
|3 (RuTPU)RU\TPU\subj\31495
|9 54333
|
| 610 |
1 |
|
|a газообразное топливо
|
| 610 |
1 |
|
|a камеры дожигания
|
| 610 |
1 |
|
|a печи
|
| 610 |
1 |
|
|a горелки
|
| 610 |
1 |
|
|a схемы
|
| 610 |
1 |
|
|a процессы
|
| 610 |
1 |
|
|a герметизация
|
| 610 |
1 |
|
|a сушильные барабаны
|
| 610 |
1 |
|
|a тяговый режим
|
| 675 |
|
|
|a 66.047
|v 4
|
| 712 |
0 |
2 |
|a Центральное бюро технической информации (ЦБТИ)
|c (Москва)
|c (1957-1962)
|2 stltpush
|3 (RuTPU)RU\TPU\col\17473
|
| 801 |
|
1 |
|a RU
|b 63413507
|c 20180125
|
| 801 |
|
2 |
|a RU
|b 63413507
|c 20180413
|g RCR
|
| 942 |
|
|
|c BK
|